Plaga: 21 de agosto al 3 de octubre 2008
I tiakina i:
| Kaituhi matua: | |
|---|---|
| Hōputu: | Pukapuka |
| Reo: | Pāniora |
| I whakaputaina: |
Santiago
Sala Gasco Arte Contemporáneo
2008
|
| Putanga: | 1a. ed |
| Ngā marau: | |
| Ngā Tūtohu: |
Tāpirihia he Tūtohu
Kāore He Tūtohu, Me noho koe te mea tuatahi ki te tūtohu i tēnei pūkete!
|
MARC
| LEADER | 00000cam a2200000 a 4500 | ||
|---|---|---|---|
| 001 | UCD5788 | ||
| 003 | CL-VaPUC | ||
| 005 | 20240805093346.0 | ||
| 008 | 161007e20081000cl |||||||||||||||||spa|d | ||
| 999 | |c 366340 |d 366338 | ||
| 040 | |c Pontificia Universidad Católica de Valparaíso | ||
| 082 | 0 | 4 | |a 708.983 |b JAR |2 21 |
| 100 | |a Jarpa, Voluspa |e author |9 858214 | ||
| 245 | 1 | 0 | |a Plaga: 21 de agosto al 3 de octubre 2008 |
| 250 | |a 1a. ed | ||
| 260 | |a Santiago |b Sala Gasco Arte Contemporáneo |c 2008 | ||
| 300 | |a 28 p | ||
| 583 | |a last modification |c 20161007 09:49:00 |k Rodrigo Vera | ||
| 650 | 0 | |a Artistas chilenos |9 344566 | |
| 650 | 0 | |a Artes visuales |9 336870 | |
| 650 | 0 | |a Exposiciones |9 265884 | |
| 650 | 0 | |a Bellas artes |9 334299 | |
| 852 | |a BIBCUR | ||
| 942 | |c BK |2 ddc | ||
| 945 | |d 20161007 09:49:00 |a arojas | ||
| 952 | |0 0 |1 0 |3 erb |4 0 |6 708_983000000000000_JAR_2008 |7 0 |8 R |9 480526 |a BIBART |b BIBART |i 5344220 |o 708.983 JAR 2008 |p 5344220 |r 2025-03-13 |w 2019-11-24 |y BK_R |z Catalogado en:20161007 |k ART | ||